Tam giác phân và phân tầng trên cấu trúc O-Minimal /
محفوظ في:
| المؤلف الرئيسي: | |
|---|---|
| مؤلفون آخرون: | |
| التنسيق: | أطروحة |
| اللغة: | Vietnamese |
| منشور في: |
Đà Lạt :
Trường Đại học Đà Lạt,
1997
|
| الموضوعات: | |
| الوسوم: |
إضافة وسم
لا توجد وسوم, كن أول من يضع وسما على هذه التسجيلة!
|
| Thư viện lưu trữ: | Thư viện Trường Đại học Đà Lạt |
|---|
| LEADER | 00865nam a2200313 4500 | ||
|---|---|---|---|
| 001 | DLU030024183 | ||
| 005 | ##20030801 | ||
| 040 | # | # | |a DLU |b vie |
| 041 | # | # | |a vie |
| 044 | # | # | |a vn |
| 082 | # | # | |a 510 |b LE-L |
| 100 | # | # | |a Lê Lễ |
| 245 | # | # | |a Tam giác phân và phân tầng trên cấu trúc O-Minimal / |c Lê Lễ |
| 260 | # | # | |a Đà Lạt : |b Trường Đại học Đà Lạt, |c 1997 |
| 300 | # | # | |a 54 tr. ; |c 29 cm |
| 653 | # | # | |a Cấu trúc o-minimal |
| 653 | # | # | |a Hình học giải tích |
| 653 | # | # | |a Phân tầng |
| 653 | # | # | |a Tam giác phân |
| 700 | # | # | |a Tạ Lê Lợi |c TS. |e Cán bộ hướng dẫn |
| 915 | # | # | |a Toán học |c Thạc sĩ |d Trường Đại học Đà Lạt |
| 994 | # | # | |a DLU |
| 900 | # | # | |a True |
| 911 | # | # | |a Lê Nguyên Khang |
| 925 | # | # | |a G |
| 926 | # | # | |a A |
| 927 | # | # | |a LA |
| 980 | # | # | |a Thư viện Trường Đại học Đà Lạt |